000 00563cam a22001933a 4500
001 44411
003 PGUSA
005 20140828084020.0
008 131212s2013||||xxu|||||s|||||000 | eng d
040 _aPGUSA
_beng
042 _adc
245 1 4 _aThe World's Great Sermons, Volume 04 :
_bL. Beecher to Bushnell
_h[electronic resource] /
_cVarious
260 _bProject Gutenberg,
_c2013
506 _aPublic domain in the USA.
516 _aElectronic text
830 0 _aProject Gutenberg
_v44411
856 4 0 _uhttp://www.gutenberg.org/ebooks/44411
942 _cEB
999 _c273662
_d273662